|
|
|
|
| LEADER |
00000nab a2200000 a 4500 |
| 001 |
vtls000748047 |
| 003 |
SK-MaSNL |
| 005 |
20260304130955.0 |
| 008 |
250429c2000 xo 0 slo |
| 015 |
|
|
|a SNBRB2001/04-09949
|
| 035 |
|
|
|a CLN000099875
|
| 035 |
|
|
|a urn:nbn:sk:snk-ab6z3i
|
| 035 |
|
|
|a (uuid)cef2a597-f69b-4c98-b455-f8a692368435
|
| 035 |
|
|
|a (urnnbn)urn:nbn:sk:snk:ar-a06c2x
|
| 035 |
|
|
|a (sysno)vtls000748047
|
| 040 |
|
|
|a SNKBUCL
|b slo
|c SNKBUCL
|e AACR2
|
| 041 |
0 |
|
|a eng
|
| 044 |
|
|
|a xo
|c SK
|
| 080 |
|
|
|a 616.44-006.6-089:615.252:616.45-006
|2 1997
|
| 245 |
0 |
0 |
|a Medullary thyroid carcinoma (MTC) - clinical and molecular aspects on the basis of own experience
|c L. Pomorski ... [et al.]
|
| 300 |
|
|
|b Tab.
|
| 504 |
|
|
|a Res. angl.
|
| 504 |
|
|
|a Bibliogr. odkazy
|
| 650 |
0 |
7 |
|a žľaza štítna
|x karcinóm medulárny
|2 snkbucl
|9 1374370
|
| 650 |
0 |
7 |
|a feochromocytómy
|2 snkbucl
|9 18644
|
| 650 |
0 |
7 |
|a Levotyroxín(liek)
|2 snkbucl
|9 1443291
|
| 650 |
0 |
7 |
|a karcinóm medulárny
|x žľaza štítna
|2 snkbucl
|9 1374371
|
| 650 |
0 |
7 |
|a chemoterapia
|2 snkbucl
|9 13903
|
| 650 |
0 |
7 |
|a neoplázia endokrinná mnohopočetná
|x diagnostika
|2 snkbucl
|9 1443292
|
| 650 |
0 |
7 |
|a výkony chirurgické endokrinologické
|x klasifikácia
|x metódy
|x trendy
|2 snkbucl
|9 1443293
|
| 650 |
0 |
7 |
|a farmakoterapia
|x metódy
|x trendy
|x využitie
|2 snkbucl
|9 1217723
|
| 650 |
0 |
7 |
|a L-tyroxín
|x aplikácia a dávkovanie
|x farmakokinetika
|x terapeutické použitie
|2 snkbucl
|9 1443294
|
| 650 |
0 |
7 |
|a feochromocytóm
|x diagnóza
|x patofyziológia
|x chirurgia
|2 snkbucl
|9 1443295
|
| 650 |
0 |
7 |
|a neoplázia endokrinná mnohopočetná
|x diagnóza
|x patofyziológia
|2 snkbucl
|9 1443296
|
| 650 |
0 |
7 |
|a nádory štítnej žľazy
|x diagnóza
|x ultraštruktúra
|2 snkbucl
|9 1443297
|
| 655 |
|
7 |
|a články z novín a časopisov
|2 snkbucl
|9 267496
|
| 700 |
1 |
|
|a Pomorski, L.
|4 aut
|9 843196
|
| 700 |
1 |
|
|a Bartkowiak, J.
|4 aut
|9 1212372
|
| 700 |
1 |
|
|a Pisarek, H.
|4 aut
|9 1157056
|
| 700 |
1 |
|
|a Bartos, M.
|4 aut
|9 555393
|
| 700 |
1 |
|
|a Narebski, J.
|4 aut
|9 843198
|
| 773 |
0 |
|
|t Neoplasma
|g Roč. 47, č. 5 (2000), s. 323-326
|x 0028-2685
|
| 850 |
|
|
|a Slovenská národná knižnica
|
| 852 |
|
|
|a Slovenská národná knižnica
|
| 958 |
|
|
|a article27
|
| 958 |
|
|
|a MI
|
| 958 |
|
|
|a NB
|
| 958 |
|
|
|a OND
|
| 958 |
|
|
|a EUIPO
|
| 992 |
|
|
|a RBX
|
| 999 |
|
|
|c 2895886
|d 2897816
|